TB. OF CLINICAL EMBRYOLOGY (Record no. 7971)
[ view plain ]
| 000 -LEADER | |
|---|---|
| fixed length control field | 00298nam a2200121Ia 4500 |
| 082 ## - DEWEY DECIMAL CLASSIFICATION NUMBER | |
| Classification number | 611 |
| Item number | C 13 S |
| 100 ## - MAIN ENTRY--PERSONAL NAME | |
| Personal name | SINGH,VISHRAM |
| 245 ## - TITLE STATEMENT | |
| Title | TB. OF CLINICAL EMBRYOLOGY |
| 260 ## - PUBLICATION, DISTRIBUTION, ETC. (IMPRINT) | |
| Name of publisher, distributor, etc | ELSEVIER- INDIA DELHI |
| Year of Publication | 2013 |
| 300 ## - PAGE DESCRIPTION | |
| No. of Pages | 340 |
| 942 ## - ADDED ENTRY ELEMENTS (KOHA) | |
| Source of classification or shelving scheme | Dewey Decimal Classification |
| Koha item type | Books |
| 942 ## - ADDED ENTRY ELEMENTS (KOHA) | |
| -- | 1 |
| Withdrawn status | Lost status | Source of classification or shelving scheme | Damaged status | Not for loan | Collection code | Home library | Current library | Date acquired | Vendor Name | Cost, normal purchase price | SGTU | Bill Number | Total Checkouts | Full call number | Accession No. (Barcode) | Date last seen | Bill Date | Koha item type | Date last borrowed |
|---|---|---|---|---|---|---|---|---|---|---|---|---|---|---|---|---|---|---|---|
| Dewey Decimal Classification | AYURVEDA | SGT FA-FP Library | SGT FA-FP Library | 14/09/2015 | ABC DELHI | 595.00 | SGTU | 5615 | 611 C 13 S | FA2401 | 14/09/2015 | 31/03/2015 | Books | ||||||
| Dewey Decimal Classification | AYURVEDA | SGT FA-FP Library | SGT FA-FP Library | 14/09/2015 | ABC DELHI | 595.00 | SGTU | 5616 | 611 C 13 S | FA2402 | 14/09/2015 | 31/03/2015 | Books | ||||||
| Dewey Decimal Classification | AYURVEDA | SGT FA-FP Library | SGT FA-FP Library | 14/09/2015 | ABC DELHI | 595.00 | SGTU | 5617 | 10 | 611 C 13 S | FA2403 | 29/07/2025 | 31/03/2015 | Books | 04/07/2025 | ||||
| Dewey Decimal Classification | AYURVEDA | SGT FA-FP Library | SGT FA-FP Library | 14/09/2015 | ABC DELHI | 595.00 | SGTU | 5618 | 6 | 611 C 13 S | FA2404 | 27/06/2025 | 31/03/2015 | Books | 18/06/2025 | ||||
| Dewey Decimal Classification | AYURVEDA | SGT FA-FP Library | SGT FA-FP Library | 14/09/2015 | ABC DELHI | 595.00 | SGTU | 5619 | 4 | 611 C 13 S | FA2405 | 26/02/2020 | 31/03/2015 | Books | 11/02/2020 |